Statistics for Countries of the World in 1914 by Borders

Click here to take the quiz!

General Stats

  • This quiz has been taken 146 times
  • The average score is 58 of 80

Answers on the Map

Answers color-coded by a green-red scale on the quiz's map according to % correct below.
 

Answer Stats

Country% Correct
France
98%
Germany
98%
United Kingdom
98%
Mexico
96%
Netherlands
96%
Portugal
96%
Canada
95%
Russia
95%
United States
95%
Afghanistan
94%
Austria-Hungary
94%
China
94%
Ottoman Empire
94%
Persia
94%
Brazil
93%
Belgium
91%
Japan
91%
Mongolia
91%
Venezuela
91%
Romania
89%
Italy
88%
Norway
88%
South Africa
88%
Spain
88%
Sweden
88%
Siam
87%
Tibet
87%
Dervish
84%
Ethiopia
84%
Al-Hiba
82%
Guatemala
82%
Aussa
80%
Bolivia
80%
Liberia
80%
Mbunda
80%
Nepal
80%
Andorra
79%
Ecuador
78%
Peru
78%
Argentina
77%
Bhutan
77%
Jabal
77%
Nejd
77%
Australia
76%
Oman
76%
Switzerland
76%
Najran
74%
Beda
73%
Colombia
73%
Landak
72%
Hamum
71%
Kathiri
71%
Paraguay
71%
Tamim
71%
Uruguay
70%
Luxembourg
68%
Bulgaria
65%
Zaian
65%
Chile
63%
Denmark
59%
Serbia
59%
Greece
56%
Monaco
55%
Newfoundland
49%
Panama
48%
Costa Rica
44%
Anaza
43%
Honduras
43%
Montenegro
41%
Northern Epirus
41%
Asir
40%
Nicaragua
40%
Dominican Republic
39%
Haiti
39%
Albania
38%
Cuba
32%
El Salvador
32%
New Zealand
26%
Liechtenstein
20%
San Marino
18%

Score Distribution

Percentile by Number Answered

Percent of People with Each Score

Your Score History

You have not taken this quiz